|
|
|
|
| LEADER |
00000nab a2200000ua 4500 |
| 001 |
vtls010790068 |
| 003 |
SK-MaSNL |
| 005 |
20260303120258.0 |
| 008 |
230131s1964 xo |||||||||||||||||slo| |
| 035 |
|
|
|a (urnnbn)urn:nbn:sk:snk:ar-a01isj
|
| 035 |
|
|
|a (uuid)9725a174-b660-4518-aff3-0b6add6ddae4
|
| 035 |
|
|
|a urn:nbn:sk:snk-ab4eh8
|
| 040 |
|
|
|a SNKBUCL
|b slo
|c SNKBUCL
|e AACR2
|
| 041 |
0 |
|
|a slo
|
| 044 |
|
|
|a xo
|c SK
|
| 100 |
1 |
|
|a F. B.
|4 aut
|9 554909
|
| 245 |
1 |
0 |
|a K 1100. výročiu príchodu slovanskej misie
|c F. B.
|
| 773 |
0 |
|
|t Vlastivedný časopis : časopis pre vlastivednú prácu, kultúrnu históriu, pamiatky a múzeá
|g Roč. 13, č. 1 (1964), s. 45-46
|
| 954 |
|
|
|a odborná, vedecká literatúra pôvodná (slovenská)
|2 lita
|
| 958 |
|
|
|a OND
|
| 958 |
|
|
|a EUIPO
|
| 958 |
|
|
|a article3
|
| 999 |
|
|
|c 1908573
|d 1910503
|